000 00795aam a2200301 i 4500
001 768714001
003 CO-MdFUSB
005 20250829122758.0
007 ta
008 250829t1984 -us |||| |||| 00| 0 eng d
020 _a0-88368-139-0
040 _cCO-MdFUSB
041 0 _aeng
082 0 4 _a249
_223
_bB765n
100 1 _aBounds, Edward M. (McKendree) (1835-1913)
_eautor
245 1 0 _aThe necessity of prayer
_c/ E. M. Boundsoraci
264 1 _bWhitaker House,
_aEstados Unidos :
_c[1984]
264 4 _c©1984
300 _a143 páginas
336 _atexto
_btxt
_2rdacontent
337 _2rdamedia
_asin mediación
_bn
338 _2rdacarrier
_avolumen
_bnc
563 _aRústico
650 7 _aOración
_986
942 _cBK
945 _aJTF-925
999 _c36285
_d36285